Sports Quiz

Random Sports or Baseball Quiz

MLB Players By Card Quiz Stats

 Plays Quiz Updated Jul 8, 2016

Challenge
Share
Tweet
Score 0/25 Timer 07:00
2 Plays Today
% Correct
Ichiro Suzuki
97.6%
Mike Trout
91.7%
Chipper Jones
88.2%
Frank Thomas
88%
Bryce Harper
86.8%
Mike Piazza
86.8%
Nolan Ryan
86.4%
Mickey Mantle
84.7%
Ivan Rodriguez
84.4%
Yasiel Puig
84%
Dennis Eckersley
82.2%
Kirby Puckett
82%
Greg Maddux
80.5%
% Correct
Roberto Clemente
79.6%
Yadier Molina
79%
Don Mattingly
78.1%
Bo Jackson
76.7%
Barry Larkin
74.9%
Tony Gwynn
73.9%
Barry Bonds
72.8%
Robin Yount
71.8%
Wade Boggs
71.3%
Yu Darvish
64.6%
Hanley Ramírez
63.4%
Andrés Galarraga
42.8%

You're not logged in!

Compare scores with friends on all Sporcle quizzes.
Join for Free
OR
Log In

You Might Also Like...

Show Comments

Extras

Top Quizzes Today


Score Distribution

Your Account Isn't Verified!

In order to create a playlist on Sporcle, you need to verify the email address you used during registration. Go to your Sporcle Settings to finish the process.

Report this User

Report this user for behavior that violates our Community Guidelines.

Details: